[Event "Tatranska Lomnica"]
[Site "?"]
[Date "1997.??.??"]
[Round "?"]
[White "Mashinskaya Iulia"]
[Black "Koutsin Sergey"]
[Result "1-0"]
[WhiteElo "2265"]
[BlackElo "2440"]
[PlyCount "58"]
[EventDate "1997.??.??"]
[Source "www.chesslib.no"]
[SourceDate "2004.05.04"]

1. d4 d5 2. Nc3 f5 3. Bg5 g6 4. Qd2 Nf6 5. f3 Bg7 6. O-O-O O-O 7. Nh3 Be6 8. Nf4 Bf7 9. h4 Nbd7 10. e3 c6 11. Bd3 Re8 12. h5 e5 13. hxg6 hxg6 14. dxe5 Rxe5 15. g4 Nc5 16. gxf5 Nxd3+ 17. Qxd3 Rxf5 18. Bh6 Bxh6 19. Rxh6 Kg7 20. Rdh1 Qd6 21. Nce2 Rg8 22. Nxg6 Bxg6 23. Rxg6+ Kxg6 24. Nf4+ Kf7 25. Qxf5 Qe7 26. Rh7+ Rg7 27. Qg6+ Kg8 28. Rxg7+ Qxg7 29. Qxg7+ Kxg7 1-0

[Event "op Oberwart"]
[Site "?"]
[Date "2003.??.??"]
[Round "7.21"]
[White "Lendwai Reinhard"]
[Black "Hiermann Dietmar"]
[Result "0-1"]
[WhiteElo "2444"]
[BlackElo "2256"]
[PlyCount "116"]
[EventDate "2003.??.??"]
[Source "www.chesslib.no"]
[SourceDate "2004.05.04"]

1. d4 d5 2. Nc3 Bf5 3. Bg5 h6 4. Bh4 c6 5. e3 Nd7 6. Bd3 Bxd3 7. Qxd3 Ngf6 8. e4 dxe4 9. Nxe4 Nxe4 10. Qxe4 g5 11. Bg3 Qa5+ 12. b4 Qxb4+ 13. Kf1 Bg7 14. Ne2 Nc5 15. Qe3 Ne6 16. Be5 Bxe5 17. Qxe5 O-O-O 18. c3 Qc4 19. Kg1 f6 20. Qe3 Nc7 21. h3 e5 22. Kh2 Rhe8 23. Qf3 Kb8 24. Rhe1 Nd5 25. Rab1 e4 26. Qf5 e3 27. Rb3 exf2 28. Qxf2 f5 29. Ng3 f4 30. Nf5 Qd3 31. Rxe8 Rxe8 32. Nd6 Re2 33. Nxb7 Rxf2 34. Nc5+ Kc7 35. Nxd3 Rxa2 36. Nb4 Nxb4 37. cxb4 Rd2 38. Kg1 Kb6 39. Kf1 Rxd4 40. Ke2 Kb5 41. Ra3 Rd7 42. Rc3 Rd6 43. Ra3 Kxb4 44. Rxa7 c5 45. Rb7+ Kc3 46. h4 c4 47. Rg7 gxh4 48. Rg4 Rf6 49. Rxh4 Kb2 50. Rh5 Rb6 51. Rc5 c3 52. Kd3 Rd6+ 53. Ke2 c2 54. Rb5+ Ka3 55. Rc5 Kb3 56. Rb5+ Kc4 57. Rb7 Rd1 58. Rc7+ Kb3 0-1

[Event "OL BY00/01"]
[Site "Baviera"]
[Date "2001.??.??"]
[Round "2"]
[White "Bredl, Harald"]
[Black "Pichler, Juergen"]
[Result "1-0"]
[WhiteElo "2290"]
[BlackElo "2410"]
[PlyCount "87"]
[EventDate "2001.01.28"]
[Source "www.chesslib.no"]
[SourceDate "2004.05.04"]

1. d4 d5 2. Nc3 c6 3. Bg5 h6 4. Bh4 Qb6 5. Rb1 Bf5 6. f3 e6 7. e4 Bh7 8. Bf2 Nf6 9. e5 Nfd7 10. Bd3 Bxd3 11. Qxd3 c5 12. dxc5 Bxc5 13. Bxc5 Qxc5 14. Qb5 Qc7 15. f4 Nc6 16. Nf3 g5 17. O-O gxf4 18. Qa4 Qb6+ 19. Kh1 Qb4 20. Qxb4 Nxb4 21. Nd4 Nxe5 22. Rxf4 Nbc6 23. Re1 Rd8 24. Nxc6 Nxc6 25. Ne2 Ke7 26. Ng3 d4 27. Nf5+ Kf8 28. Nh4 Kg7 29. Ref1 Rhf8 30. Nf3 Rd5 31. Rg4+ Kh7 32. Rh4 f6 33. h3 Rfd8 34. Nh2 f5 35. g4 Rg8 36. gxf5 exf5 37. Rhf4 Rb5 38. Rxf5 Rxb2 39. Ng4 Ne7 40. Nf6+ Kh8 41. Re5 Nc6 42. Rd5 Rd8 43. Rxd8+ Nxd8 44. Rg1 1-0

[Event "Nordic-ch"]
[Site "?"]
[Date "2003.08.30"]
[Round "2"]
[White "Matthiesen Arne"]
[Black "Pedersen Steffen"]
[Result "1/2-1/2"]
[WhiteElo "2282"]
[BlackElo "2416"]
[PlyCount "38"]
[EventDate "2003.??.??"]
[Source "www.chesslib.no"]
[SourceDate "2004.05.04"]

1. d4 d5 2. Nc3 c6 3. Bg5 h6 4. Bh4 Qb6 5. Rb1 Bf5 6. e3 e6 7. Bd3 Bxd3 8. Qxd3 Be7 9. Bxe7 Nxe7 10. Nf3 Nd7 11. O-O O-O 12. Rfc1 Ng6 13. Ne2 Rfe8 14. Qa3 a5 15. Ng3 Qb4 16. Qd3 e5 17. c3 Qb6 18. Qf5 Rad8 19. Nh5 Qc7 1/2-1/2

[Event "Radulescu mem"]
[Site "Calimanesti"]
[Date "1999.??.??"]
[Round "5"]
[White "Romcovici, Victor"]
[Black "Nanu, Ciprian"]
[Result "0-1"]
[WhiteElo "2275"]
[BlackElo "2420"]
[PlyCount "108"]
[EventDate "1999.02.??"]
[Source "ChessBase"]
[SourceDate "1999.06.08"]

1. d4 d5 2. Nc3 c6 3. f3 Nf6 4. Bg5 Qb6 5. Rb1 Nbd7 6. e4 h6 7. Bh4 dxe4 8. fxe4 e5 9. Nf3 exd4 10. Nxd4 Bb4 11. a3 Bxc3+ 12. bxc3 Qc5 13. Rb3 O-O 14. Bd3 Re8 15. Qe2 Qh5 16. Qxh5 Nxh5 17. O-O g5 18. Be1 Nf4 19. Rb1 Ne5 20. Rd1 Bg4 21. Nf3 Bxf3 22. gxf3 Rad8 23. Bg3 Nfxd3 24. cxd3 Rxd3 25. Rxd3 Nxd3 26. Rd1 Ne5 27. Kg2 Kf8 28. a4 Nc4 29. Rb1 b6 30. Rb4 Na5 31. Rd4 Ke7 32. Bd6+ Ke6 33. Bc7 Rc8 34. Bg3 Nb7 35. c4 c5 36. Rd5 Rc6 37. h4 f6 38. h5 Ke7 39. e5 f5 40. f4 g4 41. Be1 Ke6 42. Bh4 Rc7 43. Bf6 Rd7 44. Rxd7 Kxd7 45. Bg7 Ke6 46. Bxh6 Na5 47. Bg5 Nxc4 48. h6 Kf7 49. Be7 Kg6 50. Bf8 Nd2 51. a5 Ne4 52. e6 bxa5 53. Bxc5 Kxh6 54. Bxa7 Kg7 0-1

[Event "BRA-ch"]
[Site "Brasilia"]
[Date "2000.01.23"]
[Round "5"]
[White "De Souza Haro, Paulo Cezar"]
[Black "Limp, Eduardo"]
[Result "0-1"]
[WhiteElo "2273"]
[BlackElo "2420"]
[PlyCount "100"]
[EventDate "2000.01.07"]
[Source "ChessBase"]
[SourceDate "2000.03.10"]

1. d4 d5 2. Nc3 Bf5 3. f3 Nf6 4. Bg5 Nbd7 5. Nxd5 Nxd5 6. e4 f6 7. Bh4 Be6 8. exd5 Bxd5 9. f4 c5 10. dxc5 Qa5+ 11. c3 Qxc5 12. Nf3 e6 13. Bf2 Qc7 14. Bb5 a6 15. Bxd7+ Qxd7 16. O-O Bd6 17. Be3 O-O 18. Qd2 Qc7 19. Rad1 Rad8 20. Qf2 Qc4 21. Nd2 Qxa2 22. c4 Bc6 23. Bb6 Rd7 24. Bd4 Qa4 25. Qe2 Re7 26. Qd3 Qb4 27. Kh1 Bc5 28. Bc3 Qb6 29. Qg3 Bb4 30. Rfe1 Bxc3 31. Qxc3 Rd8 32. c5 Qc7 33. Qe3 e5 34. fxe5 Rxe5 35. Qb3+ Bd5 36. Qc3 Rde8 37. Nb3 Rxe1+ 38. Rxe1 Rxe1+ 39. Qxe1 Kf7 40. Qe3 Qe5 41. Qxe5 fxe5 42. Nc1 Ke6 43. Kg1 Bc6 44. Kf2 Kd5 45. Ke3 Kxc5 46. g3 h5 47. h4 a5 48. Nd3+ Kd5 49. g4 Bd7 50. g5 Bf5 0-1

[Event "Moscow RUS"]
[Site "?"]
[Date "1996.11.28"]
[Round "1"]
[White "Khachian Melikset"]
[Black "Dolinskij Boris"]
[Result "1-0"]
[WhiteElo "2480"]
[BlackElo "2210"]
[PlyCount "57"]
[EventDate "1996.??.??"]
[Source "www.chesslib.no"]
[SourceDate "2004.05.04"]

1. d4 d5 2. Nc3 Bf5 3. f3 e6 4. e4 Bg6 5. Nge2 Nf6 6. e5 Nfd7 7. h4 h6 8. Nf4 Bh7 9. Bd3 Bxd3 10. Qxd3 Be7 11. Nxe6 fxe6 12. Qg6+ Kf8 13. Qxe6 c6 14. Ne2 Qe8 15. Nf4 Bb4+ 16. c3 Qxe6 17. Nxe6+ Kf7 18. Nc7 Ba5 19. Nxa8 Rc8 20. b4 Bd8 21. f4 Ke6 22. g4 Na6 23. f5+ Ke7 24. g5 h5 25. g6 Rxa8 26. Bg5+ Kf8 27. O-O Nc7 28. Rae1 Ne8 29. Bxd8 1-0